000
00245nam a2200097Ia 4500
005
20251222114405.0
008
251222s1900||||xx |||||||||||||| ||spa||
082
_a
DVD0010/M65/2001
245
0
_a
Misión: imposible 1:Mission: impossible
942
_c
DVD
999
_c
1814
_d
1814